<?xml version="1.0" encoding="UTF-8"?>
<marc:record xmlns:marc="http://www.loc.gov/MARC21/slim">
   <marc:leader>00000nam a2200000 a 4500</marc:leader>
   <marc:datafield ind1="1" ind2=" " tag="100">
      <marc:subfield code="a">Mikula, Kurt</marc:subfield>
      <marc:subfield code="4">aut</marc:subfield>
      <marc:subfield code="e">Verfasser/-in</marc:subfield>
   </marc:datafield>
   <marc:datafield ind1=" " ind2=" " tag="653">
      <marc:subfield code="a">Lieder</marc:subfield>
   </marc:datafield>
   <marc:datafield ind1=" " ind2=" " tag="653">
      <marc:subfield code="a">Lied</marc:subfield>
   </marc:datafield>
   <marc:datafield ind1=" " ind2=" " tag="653">
      <marc:subfield code="a">CD</marc:subfield>
   </marc:datafield>
   <marc:datafield ind1=" " ind2=" " tag="653">
      <marc:subfield code="a">Mikula, Kurt</marc:subfield>
   </marc:datafield>
   <marc:datafield ind1="0" ind2="0" tag="245">
      <marc:subfield code="a">Schenk mir ein paar Sonnenstrahlen</marc:subfield>
   </marc:datafield>
   <marc:datafield ind1="0" ind2="0" tag="245">
      <marc:subfield code="b">Lieder über Gott und die Welt</marc:subfield>
   </marc:datafield>
   <marc:datafield ind1=" " ind2="1" tag="264">
      <marc:subfield code="b">Kurt Mikula</marc:subfield>
      <marc:subfield code="c">2007</marc:subfield>
   </marc:datafield>
   <marc:datafield ind1="1" ind2=" " tag="520">
      <marc:subfield code="a">1. Ich mag dich 2. Schenk mir ein paar Sonnenstrahlen 3. Mein Gott, ich lobe dich 4. Guter Gott, du bist immer da 5. Gott sei Dank 6. Pausenlied 7. Heilig, heilig, heilig ist der Herr 8. Leben lernen 9. Wettermassage 10. Buchstabentauschen 11. Das lass ich nicht in meinen Kopf 12. Herr, sei mein Hirte 13. Jeder kommt einmal unter die Räder 14. Herr, du bist das Brot 15. Wer ist wer? 16. Was ist das Leben? 17. Ein gutes Wort Playbacks: 18 Schenk mir ein paar Sonnenstrahlen 19. Mein Gott, ich lobe dich 20. Guter Gott, du bist immer da 21. Gott sei Dank 22. Heilig, heilig, heilig ist der Herr 23. Leben lernen 24. Das lass ich nicht in meinen Kopf 25. Herr, sei mein Hirte 26. Ein gutes Wort</marc:subfield>
   </marc:datafield>
</marc:record>
